IUS Revista de investigacin̤ de la facultad de derecho

Detalles Bibliográficos
Formato: Revista
Lenguaje:español
Publicado: Ciclayo : Universidad Catl̤ica Santo Toribio de Mogrovejo, 2010-
Materias:
Acceso en línea:http://www.vlex.com/source/7343

MARC

LEADER 00000nas a22000007a 4500
005 20130318161727.0
007 cr|||| ||||
008 130318c20109999pe fr|p s|||| 0|||a1spa d
035 |a 7343 
040 |a vLex 
090 |c 3947  |d 3947 
245 0 0 |a IUS  |b Revista de investigacin̤ de la facultad de derecho  |h [Recurso electrn̤ico]  
256 |a Servicio en ln̕ea 
260 |a Ciclayo :  |b Universidad Catl̤ica Santo Toribio de Mogrovejo,  |c 2010- 
300 |a 1 Recurso electrn̤ico 
650 |a Derecho  |v Revistas 
740 |a vLex Libros (Servicio en ln̕ea) 
856 |a Acceso restringido  |u http://www.vlex.com/source/7343 
942 |c REV 
999 0 |a Law